Science, technology and Society (Record no. 9847)

MARC details
000 -LEADER
fixed length control field 00659nam a22002177a 4500
003 - CONTROL NUMBER IDENTIFIER
control field OSt
005 - DATE AND TIME OF LATEST TRANSACTION
control field 20260424053202.0
008 - FIXED-LENGTH DATA ELEMENTS--GENERAL INFORMATION
fixed length control field 260424b |||||||| |||| 00| 0 eng d
020 ## - INTERNATIONAL STANDARD BOOK NUMBER
International Standard Book Number 978-621-8035-54-6
040 ## - CATALOGING SOURCE
Original cataloging agency DWCL Main Lib.
Transcribing agency OC
082 ## - DEWEY DECIMAL CLASSIFICATION NUMBER
Classification number 303.483 S565 2019
100 ## - MAIN ENTRY--PERSONAL NAME
Personal name Prieto, Nelia G.
245 ## - TITLE STATEMENT
Title Science, technology and Society
Statement of responsibility, etc. Nelia G. Prieto
260 ## - PUBLICATION, DISTRIBUTION, ETC.
Place of publication, distribution, etc. Quezon City :
Name of publisher, distributor, etc. Lorimar Publishing ,
Date of publication, distribution, etc. c2019.
300 ## - PHYSICAL DESCRIPTION
Extent xiv , 110 pages :
Other physical details illustrations ;
Dimensions 26cm.
650 ## - SUBJECT ADDED ENTRY--TOPICAL TERM
Topical term or geographic name entry element Science-Social Aspects
700 ## - ADDED ENTRY--PERSONAL NAME
Personal name Violeta A. Vega
700 ## - ADDED ENTRY--PERSONAL NAME
Personal name Elizabeth F. Felipe
700 ## - ADDED ENTRY--PERSONAL NAME
Personal name Julius L. Meneses
942 ## - ADDED ENTRY ELEMENTS (KOHA)
Source of classification or shelving scheme Dewey Decimal Classification
Koha item type Book-Filipiniana
Classification part Fil.
Suppress in OPAC No
952 ## - LOCATION AND ITEM INFORMATION (KOHA)
--
Holdings
Withdrawn status Lost status Source of classification or shelving scheme Damaged status Not for loan Home library Current library Shelving location Date acquired Source of acquisition Cost, normal purchase price Total Checkouts Full call number Barcode Date last seen Copy number Price effective from Koha item type Uniform Resource Identifier
    Dewey Decimal Classification     College Library College Library Filipiniana 02/24/2021 School Fund 275.00   Fil. 303.483 S565 2019 CL52682 04/24/2026 c1 04/24/2026 BK - FIL